000 00464nam a2200181Ia 4500
003 GCL
008 140319s9999 xx 000 0 eng d
040 _aGCL /
_cGCL
082 0 4 _a822
_bS V
100 1 _aSTAPE, J. H.
245 1 0 _aVIRGINIA WOOLF: INTERVIEWS AND RECOLLECTIONS /
_cSTAPE, J. H.
260 _a[S.N] :
_bMACMILLAN ،
_c1995
300 _a195 P
650 0 4 _aLITERATURE
650 0 4 _aLITERARY FORM
650 0 4 _aWOOLF VIRGINIA
942 _2ddc
_cBK
999 _c24312
_d24312